| 000 | 00650nam a2200181Ia 4500 | ||
|---|---|---|---|
| 005 | 20251020182613.0 | ||
| 008 | 200515s9999 xx 000 0 und d | ||
| 082 | _aSC/69.21:693/P45-IF/1983 | ||
| 110 | _aIninvi | ||
| 245 | 0 | _aUso del Sillar en la Construcción (Informe final) | |
| 260 | _aLima | ||
| 260 | _c1983 | ||
| 300 | _as.n. | ||
| 520 | _aCorresponde a las actividades realizadas en el Proyecto "Uso del Sillar en la Construcción" que ejecuta el ININVI de acuerdo al Convenio específico ININVI - ITINTEC Nº 3169 y a las Clausulas adicionales del mismo, de fecha 10-06-83 | ||
| 650 | _aPUB ININVI | ||
| 650 | _aSILLAR | ||
| 942 | _cLIB | ||
| 999 |
_c3423 _d3423 |
||